[Event "Ankara Ipek Memorial 7th"]
[Site "Ankara"]
[Date "2019.03.06"]
[Round "1"]
[White "Avci, Engin"]
[Black "Karadag, Eflatun Cem"]
[Result "0-1"]
[WhiteElo "1283"]
[BlackElo "1879"]
[PlyCount "58"]
[EventDate "2019.03.06"]
[EventType "swiss"]
[EventRounds "7"]
[EventCountry "TUR"]
[SourceTitle "CBM 189 Extra"]
[Source "ChessBase"]
[SourceDate "2019.06.03"]
[SourceVersion "1"]
[SourceVersionDate "2019.06.03"]
[SourceQuality "1"]

1. e4 e5 2. Nf3 Nc6 3. Bc4 Bc5 4. Nc3 Nf6 5. 0-0 0-0 6. d3 h6 7. Be3 d6 8. h3 a6 9. a4 Rb8 10. d4 exd4 11. Nxd4 Re8 12. Be2 Ne5 13. Rb1 d5 14. exd5 Nxd5 15. Nxd5 Qxd5 16. Nf3 Qxd1 17. Rbxd1 Bxe3 18. Nxe5 Bb6 19. Bc4 Rxe5 20. Rd8+ Kh7 21. Bxf7 g5 22. Rfd1 c6 23. Rg8 Bg4 24. Rxb8 Bxd1 25. Rxb7 Re1+ 26. Kh2 Bxf2 27. Bd5+ Kg6 28. Bxc6 h5 29. c4 h4 0-1